Cleaning exterior masonry: methods and materials. (Record no. 100740)

MARC details
000 -LEADER
fixed length control field 00768cam a2200265 4500
008 - FIXED-LENGTH DATA ELEMENTS--GENERAL INFORMATION
fixed length control field 000000n2000 000 0 eng u
020 ## - INTERNATIONAL STANDARD BOOK NUMBER
International Standard Book Number 1860814085
035 ## - SYSTEM CONTROL NUMBER
System control number (Sirsi) u107930
041 ## - LANGUAGE CODE
Language code of text/sound track or separate title eng
100 ## - MAIN ENTRY--PERSONAL NAME
Personal name Murray, Matthew
245 ## - TITLE STATEMENT
Title Cleaning exterior masonry: methods and materials.
260 ## - PUBLICATION, DISTRIBUTION, ETC.
Place of publication, distribution, etc. London
Name of publisher, distributor, etc. CRC Ltd
Date of publication, distribution, etc. 2000
300 ## - PHYSICAL DESCRIPTION
Extent 8p. : ill. ; 30cm.
350 ## - PRICE (NR) (BK AM CF MU VM SE) [OBSOLETE]
Price 0
490 ## - SERIES STATEMENT
Series statement BRE Digest
Volume/sequential designation 449 part 2
650 ## - SUBJECT ADDED ENTRY--TOPICAL TERM
Topical term or geographic name entry element CLEANING MATERIALS
650 ## - SUBJECT ADDED ENTRY--TOPICAL TERM
Topical term or geographic name entry element BUILT ENVIRONMENT-BUILDING ELEMENTS-COMPLETE BUILDING ELEMENTS-WALLS-EXTERNAL WALLS
650 ## - SUBJECT ADDED ENTRY--TOPICAL TERM
Topical term or geographic name entry element MASONRY
650 ## - SUBJECT ADDED ENTRY--TOPICAL TERM
Topical term or geographic name entry element STONE CLEANING
690 ## - LOCAL SUBJECT ADDED ENTRY--TOPICAL TERM (OCLC, RLIN)
Topical term or geographic name as entry element BUILDING CONSERVATION
700 ## - ADDED ENTRY--PERSONAL NAME
Personal name Pryke, Stuart
700 ## - ADDED ENTRY--PERSONAL NAME
Personal name Yates, Tim
710 ## - ADDED ENTRY--CORPORATE NAME
Corporate name or jurisdiction name as entry element Building Research Establishment
942 ## - ADDED ENTRY ELEMENTS (KOHA)
Suppress in OPAC 0
Holdings
Withdrawn status Lost status Source of classification or shelving scheme Damaged status Not for loan Home library Current library Shelving location Date acquired Total Checkouts Full call number Barcode Date last seen Copy number Price effective from Koha item type
    Dewey Decimal Classification     London London BRE publications 30/11/2000   ENQUIRY DESK 30062945 06/08/2019 1 06/08/2019 Reference material